Causes and consequences of internal migration : a study in the Indian Punjab /

Bibliographic Details
Main Author: Oberai, A. S.
Corporate Authors: International Labour Office, World Employment Programme
Other Authors: Manmohan Singh, H. K.
Format: Book
Language:English
Published: Delhi ; New York : Oxford University Press, 1983.
Subjects:

MARC

Tag First Indicator Second Indicator Subfields
LEADER 00000cam a2200000 a 4500
001 in00000010960
005 20151007051946.0
008 841023s1983 ii ab b 00110 eng
010 |a  84176319  
020 |a 0195616324 :  |c Rs100.00 
035 |a (OCoLC)10686665 
035 |9 AAA5627AM 
040 |a DLC  |c DLC  |d m/c  |d TXA  |d UtOrBLW 
043 |a a-ii--- 
049 |a TXAM  |c [A11461850] 
050 0 0 |a HB2100.P86  |b O24 1983 
082 0 |a 304.8/0954/552  |2 19 
100 1 |a Oberai, A. S. 
245 1 0 |a Causes and consequences of internal migration :  |b a study in the Indian Punjab /  |c by A.S. Oberai and H.K. Manmohan Singh. 
264 1 |a Delhi ;  |a New York :  |b Oxford University Press,  |c 1983. 
300 |a xxiii, 434 pages :  |b illustrations, maps ;  |c 23 cm. 
336 |a text  |b txt  |2 rdacontent 
337 |a unmediated  |b n  |2 rdamedia 
338 |a volume  |b nc  |2 rdacarrier 
500 |a Prepared for the International Labour Office within the framework of the World Employment Programme. 
504 |a Bibliography: pages 417-427. 
500 |a Includes index. 
650 0 |a Migration, Internal  |z India  |z Punjab. 
650 0 |a Migration, Internal  |z India  |z Ludhiana (District) 
651 0 |a Punjab (India)  |x Population. 
651 0 |a Ludhiana (India : District)  |x Population. 
700 1 |a Manmohan Singh, H. K. 
710 2 |a International Labour Office. 
710 2 |a World Employment Programme. 
999 |a MARS 
999 f f |s 95a819be-746e-30e3-a652-24cc3200d7f1  |i d8ce9fed-5ce2-334e-8c26-4b9ac030770d  |t 0 
952 f f |p ric  |a Texas A&M University  |b Rellis Campus  |c Joint Library Facility  |d Remote Storage  |t 0  |e HB2100.P86 O24 1983  |h Library of Congress classification  |i unmediated -- volume  |m A14811461850 
998 f f |a HB2100.P86 O24 1983  |t 0  |l Remote Storage